El estado federal de Loreto, 1896 : (Record no. 904)

000 -CABECERA
fixed length control field 01454nam a22003017a 4500
003 - IDENTIFICADOR DEL NÚMERO DE CONTROL
control field AR-CdUCM
008 - DATOS DE LONGITUD FIJA--INFORMACIÓN GENERAL
fixed length control field 190225b ||||| |||| 00| 0 spa d
020 ## - NÚMERO INTERNACIONAL ESTÁNDAR DEL LIBRO
ISBN 789972623615
040 ## - FUENTE DE LA CATALOGACIÓN
Agencia/entidad que catalogó originalmente la obra MUNICIPALIDAD PROVINCIAL DEL CUSCO
Entidad que transcribió la catalogación BIBLIOTECA MUNICIPAL DEL CUSCO
082 ## - NÚMERO DE LA CLASIFICACIÓN DECIMAL DEWEY
No. de Clasificación 985.71 /
Notacion interna B24
100 ## - ENTRADA PRINCIPAL--NOMBRE DE PERSONA
Nombre Personal Barclay Rey de Castro, Frederica
245 ## - MENCIÓN DE TÍTULO
Título El estado federal de Loreto, 1896 :
Resto del título centralismo, descentralización y federalismo en el Perú, a fines del siglo XIX /
260 ## - PUBLICACIÓN, DISTRIBUCIÓN, ETC.
Lugar de publicación, distribución, etc. Lima :
Nombre de la editorial, distribuidor, etc. IFEA,
-- CBC,
Fecha de publicación, distribución, etc. 2009.
300 ## - DESCRIPCIÓN FÍSICA
Nº de Páginas Extensión 439 páginas ;
Dimensiones 24 cm.
440 ## - MENCIÓN DE SERIE/PUNTO DE ACCESO ADICIONAL--TÍTULO
Título Archivos de historia andina ;
Número de la parte/sección de una obra t. 44
9 (RLIN) 3472
505 ## - NOTA DE CONTENIDO CON FORMATO
Nota de contenido formateada La implementación del régimen administrativo republicano en Loreto -- Origen del departamento de Loreto -- La economía y la sociedad de Loreto en las primeras décadas de la República -- La proclamación del Estado Federal de Loreto -- Federalismo y cacerismo en el levantamiento de 1896 ...
650 ## - PUNTO DE ACCESO ADICIONAL DE MATERIA--TÉRMINO DE MATERIA
Descriptor Regionalización
9 (RLIN) 3473
650 ## - PUNTO DE ACCESO ADICIONAL DE MATERIA--TÉRMINO DE MATERIA
Descriptor Perú
9 (RLIN) 35
650 ## - PUNTO DE ACCESO ADICIONAL DE MATERIA--TÉRMINO DE MATERIA
Descriptor Loreto
9 (RLIN) 3474
650 ## - PUNTO DE ACCESO ADICIONAL DE MATERIA--TÉRMINO DE MATERIA
Descriptor Condiciones económicas
9 (RLIN) 1989
650 ## - PUNTO DE ACCESO ADICIONAL DE MATERIA--TÉRMINO DE MATERIA
Descriptor Política y gobierno
9 (RLIN) 2693
710 ## - PUNTO DE ACCESO ADICIONAL--NOMBRE DE ENTIDAD CORPORATIVA
Nombre corporativo (En letras Mayúsculas) Centro de Estudios Regionales Andinos Bartolomé de Las Casas (Cusco)
9 (RLIN) 3475
710 ## - PUNTO DE ACCESO ADICIONAL--NOMBRE DE ENTIDAD CORPORATIVA
Nombre corporativo (En letras Mayúsculas) Institut Français d'Études Andines (Lima)
9 (RLIN) 3476
856 ## - LOCALIZACIÓN Y ACCESO ELECTRÓNICOS
Dirección electrónica www.cbc.org.pe
942 ## - ELEMENTOS DE PUNTO DE ACCESO ADICIONAL (KOHA)
Fuente de clasificación
Tipo de item Libros-BMC
945 ## - PROCESAMIENTO DE INFORMACIÓN LOCAL (OCLC)
Catalogador raen
AAAA-MM-DD - Fecha de ingreso o modificacion 2019-02-25
Holdings
Estado de retiro (separado) Fuente de clasificación o esquema de estanterías Estado dañado Ubicación Sala donde se ubica Nombre de la colección Fecha de adquisición o compra Costo, precio normal en soles Signatura topográfica Código de Barras Última vez visto (Koha) Tipo de ítem (Koha)
No     Sala Humanidades Sala Humanidades Book Cart 2019-02-25 65.00 985.71 / B24 / t.44 SH0000001046 2019-02-25 Libros-BMC
No     Sala Humanidades Sala Humanidades Book Cart 2019-02-28 65.00 985.71 / B24 /e.2 SH0000001961 2019-02-28 Libros-BMC

Powered by Koha